000 01608nam a2200397Ia 4500
001 ebr10091262
003 CaPaEBR
006 m u
007 cr cn|||||||||
008 041214s2005 cau sb s001 0 eng d
010 _z 2004029705
020 _z0520244516
020 _z0520244524
040 _aCaPaEBR
_cCaPaEBR
035 _a(OCoLC)62196238
050 1 4 _aHV5132
_b.B67 2005eb
082 0 4 _a362.29/13/0952135
_222
100 1 _aBorovoy, Amy Beth.
245 1 4 _aThe too-good wife
_h[electronic resource] :
_balcohol, codependency, and the politics of nurturance in postwar Japan /
_cAmy Borovoy.
260 _aBerkeley :
_bUniversity of California Press,
_cc2005.
300 _axvii, 234 p.
490 1 _aEthnographic studies in subjectivity ;
_v6
504 _aIncludes bibliographical references and index.
533 _aElectronic reproduction.
_bPalo Alto, Calif. :
_cebrary,
_d2009.
_nAvailable via World Wide Web.
_nAccess may be limited to ebrary affiliated libraries.
650 0 _aAlcoholics
_zJapan
_zTokyo
_xFamily relationships.
650 0 _aAlcoholics' spouses
_zJapan
_zTokyo.
650 0 _aParents of drug addicts
_zJapan
_zTokyo.
650 0 _aCodependency
_zJapan
_zTokyo.
650 0 _aSocial work with women
_zJapan
_zTokyo.
650 0 _aSex role
_zJapan
_zTokyo.
650 0 _aWives
_zJapan
_zTokyo.
655 7 _aElectronic books.
_2local
710 2 _aebrary, Inc.
830 0 _aEthnographic studies in subjectivity ;
_v6.
856 4 0 _uhttp://site.ebrary.com/lib/rucke/Doc?id=10091262
_zAn electronic book accessible through the World Wide Web; click to view
999 _c53226
_d53226